Halálos ablaktisztítás

Elmentve itt :
Bibliográfiai részletek
Dokumentumtípus: Cikk
Megjelent: 1939-09-05
Sorozat:Délmagyarország 15 No. 202
Kulcsszavak:Barna Rozál, Haláleset
Online Access:http://dmarchiv.bibl.u-szeged.hu/40975
LEADER 00405nab a2200145 i 4500
001 delm40975
005 20180927130021.0
008 180927s1939 hu o 0|| hun d
040 |a SZTE Délmagyarország Archívum  |b hun 
041 |a hun 
245 0 0 |a Halálos ablaktisztítás  |h [elektronikus dokumentum] 
260 |c 1939-09-05 
300 |a 7 
490 0 |a Délmagyarország  |v 15 No. 202 
695 |a Barna Rozál, Haláleset